Catálogo público

Producción forestal / (Record no. 217524)

MARC details
000 -CABECERA
campo de control de longitud fija 00849 a2200241 4500
003 - IDENTIFICADOR DEL NÚMERO DE CONTROL
campo de control OSt
005 - FECHA Y HORA DE LA ÚLTIMA TRANSACCIÓN
campo de control 20230420120845.0
008 - DATOS DE LONGITUD FIJA--INFORMACIÓN GENERAL
campo de control de longitud fija 220811b2020 mx a|||f |||| 001 0 spa d
020 ## - NÚMERO INTERNACIONAL ESTÁNDAR DEL LIBRO
Número Internacional Estándar del Libro 9786071739964
040 ## - FUENTE DE LA CATALOGACIÓN
Centro/agencia transcriptor CHAP
082 00 - NÚMERO DE LA CLASIFICACIÓN DECIMAL DEWEY
Número de clasificación 634.95
Número de documento/Ítem P96 2020
Número de edición 22
245 00 - MENCIÓN DE TÍTULO
Título Producción forestal /
Mención de responsabilidad, etc. basado en el trabajo de Pieter Grijpma, con la colaboración de Kirchner Salinas, [ y otros].
250 ## - MENCIÓN DE EDICIÓN
Mención de edición Quinta edición
264 ## - PRODUCCIÓN, PUBLICACIÓN, DISTRIBUCIÓN, FABRICACIÓN Y COPYRIGHT
Producción, publicación, distribución, fabricación y copyright México:
Nombre del de productor, editor, distribuidor, fabricante Trillas:
-- SEP,
Fecha de producción, publicación, distribución, fabricación o copyright 2020.
300 ## - DESCRIPCIÓN FÍSICA
Extensión 176 páginas
Otras características físicas ilustraciones, cuadros
490 1# - MENCIÓN DE SERIE
Mención de serie Manuales para educación agropecuaria.
504 ## - NOTA DE BIBLIOGRAFÍA, ETC.
Nota de bibliografía, etc. Incluye índice y bibliografía
650 #7 - PUNTO DE ACCESO ADICIONAL DE MATERIA--TÉRMINO DE MATERIA
9 (RLIN) 106109
Término de materia o nombre geográfico como elemento de entrada Silvicultura
650 #0 - PUNTO DE ACCESO ADICIONAL DE MATERIA--TÉRMINO DE MATERIA
9 (RLIN) 144703
Término de materia o nombre geográfico como elemento de entrada Bosques
Subdivisión general Regeneración
700 0# - PUNTO DE ACCESO ADICIONAL--NOMBRE DE PERSONA
9 (RLIN) 50728
Nombre de persona Grijpma, Pieter
830 #0 - PUNTO DE ACCESO ADICIONAL DE SERIE-TÍTULO UNIFORME
9 (RLIN) 70692
Título uniforme Manuales para educación agropecuaria.
Nombre de parte o sección de la obra Producción forestal
942 ## - ELEMENTOS DE PUNTO DE ACCESO ADICIONAL (KOHA)
Fuente del sistema de clasificación o colocación Dewey Decimal Classification
Tipo de ítem Koha Libro
Holdings
Estado de retiro Estado de pérdida Fuente del sistema de clasificación o colocación Estado dañado Restricciones de uso No para préstamo Código de colección Localización permanente Ubicación/localización actual Fecha de adquisición Total de préstamos Signatura topográfica completa Código de barras Fecha visto por última vez Precio válido a partir de Tipo de ítem Koha Número de copia
    Dewey Decimal Classification   Préstamo 15 días   General Biblioteca Central Biblioteca Central 18/04/2023   634.95 P96 2020 33724002567801 18/04/2023 18/04/2023 Libro  
    Dewey Decimal Classification   Préstamo 15 días   General Biblioteca Central Biblioteca Central 18/04/2023   634.95 P96 2020 33724002567842 18/04/2023 18/04/2023 Libro c.2